000 00474nam a2200181Ia 4500
003 LK-CoDNM
008 010623t xxu||||| |||| 00| 1 sin d
040 _aLK-CoDNM
_dLK-CoDNM
_eLK-CoDNM
041 _asin
080 _a17 MUR
100 _aMuurthi,Maithri.
245 _aප්‍රීතිමත් ජීවිතයකට
246 _aPrethimath Geevitayakata
260 _bStamferd Lake
_aColombo
300 _b210p., 19 cm
650 _aPsycology
942 _cBK
999 _c139539
_d139539